| 000 | 00551nam a2200181 4500 | ||
|---|---|---|---|
| 001 | 44925 | ||
| 090 | _a44925 | ||
| 100 | _a20251013 pory50 | ||
| 101 |
_apor _aing |
||
| 102 | _aPT | ||
| 200 |
_aO diário da nossa paixão _frealiz. Nick Cassavetes _gact.s Ryan Gosling , Rachel Mc Adams , James Garner , Gena rowlands ... [et al.] _gbaseado numa obra de Nicholas Sparks |
||
| 210 |
_a[S.l.] _cdist. Prisvideo _d2008 |
||
| 215 | _a1 DVD | ||
| 300 | _a118 m. M/12 | ||
| 675 | _a821.111(73)-31 | ||
| 675 | _a82-31 | ||
| 801 |
_aPT _gRPC |
||
| 990 | _cFILMES DVD | ||